000 002310000a22000970004500
100 1 _aLucida, Camara
245 1 0 _aLas huellas de los abuelos
300 _aVol. 10, Núm 10 (1993), Páginas 58-59
773 0 _tCambio 16
942 _cANA
999 _c58518
_d58518